All ISO 639-2 Languages - Statistics

General Stats
  • This quiz has been taken 25 times
    18 since last reset
  • The average score is 168 of 487
Answer Stats
Hint Answer % Correct
ara Arabic
100%
abk Abkhazian
92%
hye Armenian
92%
fra French
92%
hmn Hmong
92%
gle Irish
92%
kaz Kazakh
92%
msa Malay
92%
mal Malayalam
92%
lol Mongo
92%
spa Spanish
92%
tur Turkish
92%
tuk Turkmen
92%
uzb Uzbek
92%
aar Afar
85%
sqi Albanian
85%
bel Belarusian
85%
hrv Croatian
85%
eng English
85%
fin Finnish
85%
gla Gaelic
85%
deu German
85%
hun Hungarian
85%
ita Italian
85%
jpn Japanese
85%
jav Javanese
85%
kin Kinyarwanda
85%
lat Latin
85%
ell Modern Greek
85%
mon Mongolian
85%
nep Nepali
85%
pus Pashto
85%
fas Persian
85%
por Portuguese
85%
rus Russian
85%
san Sanskrit
85%
srp Serbian
85%
slv Slovenian
85%
snk Soninke
85%
tgk Tajik
85%
tam Tamil
85%
bod Tibetan
85%
ukr Ukrainian
85%
afr Afrikaans
77%
aze Azerbaijani
77%
ben Bengali
77%
ber Berber languages
77%
bos Bosnian
77%
bul Bulgarian
77%
cat Catalan
77%
khm Central Khmer
77%
nld Dutch
77%
dzo Dzongkha
77%
est Estonian
77%
fil Filipino
77%
gaa Ga
77%
hat Haitian
77%
hin Hindi
77%
ibo Igbo
77%
ind Indonesian
77%
kor Korean
77%
lao Lao
77%
lav Latvian
77%
lit Lithuanian
77%
mkd Macedonian
77%
mdr Mandar
77%
nor Norwegian
77%
nno Norwegian Nynorsk
77%
pol Polish
77%
que Quechua
77%
sin Sinhala
77%
slk Slovak
77%
som Somali
77%
swa Swahili
77%
swe Swedish
77%
tgl Tagalog
77%
tat Tatar
77%
urd Urdu
77%
vie Vietnamese
77%
cym Welsh
77%
fry Western Frisian
77%
yor Yoruba
77%
zul Zulu
77%
amh Amharic
69%
aym Aymara
69%
bre Breton
69%
mya Burmese
69%
cos Corsican
69%
ces Czech
69%
dan Danish
69%
div Dhivehi
69%
glg Galician
69%
kat Georgian
69%
hau Hausa
69%
heb Hebrew
69%
isl Icelandic
69%
kon Kongo
69%
kur Kurdish
69%
kir Kyrgyz
69%
glv Manx
69%
nav Navajo
69%
oci Occitan
69%
orm Oromo
69%
oss Ossetian
69%
run Rundi
69%
sco Scots
69%
nbl South Ndebele
69%
tha Thai
69%
tso Tsonga
69%
tsn Tswana
69%
uig Uyghur
69%
ast Asturian
62%
ava Avaric
62%
bam Bambara
62%
eus Basque
62%
chu Church Slavic
62%
cor Cornish
62%
cre Cree
62%
crh Crimean Tatar
62%
epo Esperanto
62%
fao Faroese
62%
fij Fijian
62%
ful Fulah
62%
guj Gujarati
62%
kal Kalaallisut
62%
kom Komi
62%
ltz Luxembourgish
62%
mlg Malagasy
62%
mah Marshallese
62%
cnr Montenegrin
62%
nde North Ndebele
62%
ori Oriya
62%
pan Punjabi
62%
ron Romanian
62%
roh Romansh
62%
srd Sardinian
62%
scn Sicilian
62%
snd Sindhi
62%
sot Sotho
62%
ssw Swati
62%
tir Tigrinya
62%
wln Walloon
62%
xho Xhosa
62%
yid Yiddish
62%
arg Aragonese
54%
bak Bashkir
54%
chr Cherokee
54%
zho Chinese
54%
ewe Ewe
54%
grn Guarani
54%
iku Inuktitut
54%
kan Kannada
54%
mlt Maltese
54%
mar Marathi
54%
smo Samoan
54%
sag Sango
54%
sna Shona
54%
gsw Swiss German
54%
tpi Tok Pisin
54%
tog Tonga (Nyasa)
54%
wol Wolof
54%
sah Yakut
54%
bis Bislama
46%
ceb Cebuano
46%
che Chechen
46%
chv Chuvash
46%
cop Coptic
46%
gem Germanic languages
46%
gil Gilbertese
46%
ine Indo-European languages
46%
kas Kashmiri
46%
lin Lingala
46%
mri Maori
46%
chm Mari
46%
nau Nauru
46%
nap Neapolitan
46%
oji Ojibwa
46%
ang Old English
46%
fro Old French
46%
pau Palauan
46%
sun Sundanese
46%
tah Tahitian
46%
tvl Tuvalu
46%
twi Twi
46%
udm Udmurt
46%
aiu Ainu
38%
aka Akan
38%
grc Ancient Greek
38%
rup Aromanian
38%
asm Assamese
38%
map Austronesian languages
38%
bal Baluchi
38%
nob Bokmål
38%
bua Buriat
38%
lug Ganda
38%
hmo Hiri Motu
38%
ido Ido
38%
inc Indic languages
38%
inh Ingush
38%
ina Interlingua
38%
ile Interlingue
38%
xal Kalmyk
38%
krl Karelian
38%
csb Kashubian
38%
lim Limburgish
38%
mwl Mirandese
38%
sme Northern Sami
38%
roa Romance languages
38%
sem Semitic languages
38%
sla Slavic languages
38%
tel Telugu
38%
tet Tetum
38%
ton Tonga (Tonga Islands)
38%
ven Venda
38%
ady Adyghe
31%
egy Ancient Egyptian
31%
arc Aramaic
31%
aus Australian languages
31%
ban Balinese
31%
bnt Bantu languages
31%
cel Celtic languages
31%
nya Chewa
31%
dra Dravidian languages
31%
haw Hawaiian
31%
nds Low German
31%
mnc Manchu
31%
frm Middle French
31%
nog Nogai
31%
pap Papiamento
31%
raj Rajasthani
31%
rap Rapanui
31%
nso Sepedi
31%
sma Southern Sami
31%
tyv Tuvinian
31%
afa Afro-Asiatic languages
23%
ale Aleut
23%
ave Avestan
23%
cha Chamorro
23%
fur Friulian
23%
got Gothic
23%
her Herero
23%
ilo Iloko
23%
kbd Kabardian
23%
kab Kabyle
23%
kau Kanuri
23%
kaa Kara-Kalpak
23%
kok Konkani
23%
lad Ladino
23%
mai Maithili
23%
mak Makasar
23%
moh Mohawk
23%
smi Sami languages
23%
yao Yao
23%
ace Achinese
15%
tut Altaic languages
15%
bho Bhojpuri
15%
cau Caucasian languages
15%
cho Choctaw
15%
chk Chuukese
15%
mus Creek
15%
doi Dogri
15%
dyu Dyula
15%
frs Eastern Frisian
15%
myv Erzya
15%
fan Fang
15%
gez Geez
15%
hai Haida
15%
hit Hittite
15%
ira Iranian languages
15%
kik Kikuyu
15%
tlh Klingon
15%
kos Kosraean
15%
lez Lezghian
15%
smj Lule Sami
15%
lus Lushai
15%
mad Madurese
15%
mni Manipuri
15%
arn Mapudungun
15%
enm Middle English
15%
mdf Moksha
15%
mkh Mon-Khmer languages
15%
mos Mossi
15%
mul Multiple languages
15%
ndo Ndonga
15%
niu Niuean
15%
non Old Norse
15%
ota Ottoman Turkish
15%
pli Pali
15%
phi Philippine languages
15%
phn Phoenician
15%
pon Pohnpeian
15%
sat Santali
15%
shn Shan
15%
sit Sino-Tibetan languages
15%
sux Sumerian
15%
syr Syriac
15%
tai Tai languages
15%
tig Tigre
15%
tiv Tiv
15%
tkl Tokelau
15%
uga Ugaritic
15%
vol Volapük
15%
yap Yapese
15%
ypk Yupik languages
15%
zha Zhuang
15%
ach Acoli
8%
ada Adangme
8%
afh Afrihili
8%
akk Akkadian
8%
alg Algonquian languages
8%
anp Angika
8%
arp Arapaho
8%
arw Arawak
8%
art Artificial languages
8%
awa Awadhi
8%
bat Baltic languages
8%
bej Beja
8%
bem Bemba
8%
bih Bihari languages
8%
bik Bikol
8%
zbl Blissymbols
8%
bra Braj
8%
bug Buginese
8%
cad Caddo
8%
chg Chagatai
8%
chy Cheyenne
8%
chn Chinook Jargon
8%
chp Chipewyan
8%
syc Classical Syriac
8%
rar Cook Islands Maori
8%
crp Creoles and pidgins
8%
cpe Creoles and pidgins, English-based
8%
cpf Creoles and pidgins, French-based
8%
cpp Creoles and pidgins, Portuguese-based
8%
cus Cushitic languages
8%
dak Dakota
8%
dar Dargwa
8%
del Delaware
8%
din Dinka
8%
bin Edo
8%
efi Efik
8%
eka Ekajuk
8%
elx Elamite
8%
ewo Ewondo
8%
fat Fanti
8%
fon Fon
8%
car Galibi Carib
8%
gay Gayo
8%
gba Gbaya
8%
gon Gondi
8%
gor Gorontalo
8%
grb Grebo
8%
gwi Gwich'in
8%
hil Hiligaynon
8%
hup Hupa
8%
iba Iban
8%
ijo Ijo languages
8%
smn Inari Sami
8%
ipk Inupiaq
8%
iro Iroquoian languages
8%
jrb Judeo-Arabic
8%
jpr Judeo-Persian
8%
kac Kachin
8%
kam Kamba
8%
krc Karachay-Balkar
8%
kar Karen languages
8%
kaw Kawi
8%
kha Khasi
8%
khi Khoisan languages
8%
kho Khotanese
8%
kmb Kimbundu
8%
kpe Kpelle
8%
kum Kumyk
8%
kru Kurukh
8%
kut Kutenai
8%
kua Kwanyama
8%
lah Lahnda
8%
lam Lamba
8%
jbo Lojban
8%
dsb Lower Sorbian
8%
loz Lozi
8%
lub Luba-Katanga
8%
lua Luba-Lulua
8%
lui Luiseno
8%
lun Lunda
8%
luo Luo (Kenya and Tanzania)
8%
mag Magahi
8%
mas Masai
8%
myn Mayan languages
8%
men Mende
8%
gmh Middle High German
8%
mga Middle Irish
8%
mic Mi'kmaq
8%
nah Nahuatl languages
8%
new Newari
8%
nia Nias
8%
ssa Nilo-Saharan languages
8%
frr Northern Frisian
8%
nub Nubian languages
8%
goh Old High German
8%
sga Old Irish
8%
pro Old Occitan
8%
peo Old Persian
8%
osa Osage
8%
pal Pahlavi
8%
pam Pampanga
8%
pag Pangasinan
8%
paa Papuan languages
8%
pra Prakrit languages
8%
rom Romany
8%
sas Sasak
8%
sel Selkup
8%
srr Serer
8%
iii Sichuan Yi
8%
sid Sidamo
8%
sgn Sign languages
8%
bla Siksika
8%
sio Siouan languages
8%
sms Skolt Sami
8%
den Slavey
8%
sog Sogdian
8%
alt Southern Altai
8%
srn Sranan Tongo
8%
suk Sukuma
8%
sus Susu
8%
dgr Tlicho
8%
tli Tlingit
8%
tsi Tsimshian
8%
tum Tumbuka
8%
tup Tupi languages
8%
umb Umbundu
8%
hsb Upper Sorbian
8%
vai Vai
8%
vot Votic
8%
war Waray
8%
was Washo
8%
znd Zande languages
8%
zap Zapotec
8%
zza Zaza
8%
zen Zenaga
8%
zun Zuni
8%
apa Apache languages
0%
ath Athapascan languages
0%
bai Bamileke languages
0%
bad Banda languages
0%
bas Basa
0%
btk Batak languages
0%
byn Blin
0%
cai Central American Indian languages
0%
cmc Chamic languages
0%
chb Chibcha
0%
nwc Classical Newari
0%
dua Duala
0%
fiu Finno Ugrian languages
0%
him Himachali languages
0%
kro Kru languages
0%
dar Land Dayak languages
0%
man Mandingo
0%
mno Manobo languages
0%
mwr Marwari
0%
dum Middle Dutch
0%
min Minangkabau
0%
mun Munda languages
0%
nic Niger-Kordofanian languages
0%
nqo N'Ko
0%
zxx No linguistic content
0%
nai North American Indian languages
0%
nym Nyamwezi
0%
nyn Nyankole
0%
nyo Nyoro
0%
nzi Nzima
0%
oto Otomian languages
0%
qaa-qtz Reserved for local use
0%
sal Salishan languages
0%
sam Samaritan Aramaic
0%
sad Sandawe
0%
son Songhai languages
0%
wen Sorbian languages
0%
sai South American Indian languages
0%
zgh Standard Moroccan Tamazight
0%
tmh Tamashek
0%
ter Tereno
0%
tem Timne
0%
mis Uncoded languages
0%
und Undetermined
0%
wak Wakashan languages
0%
wal Wolaitta
0%
No matching quizzes found
Score Distribution
Percent of People with Each Score
Percentile by Number Answered
Your Score History
You have not taken this quiz since the last reset